Statistics for Guess the Taylor Swift song with no hints #12

Click here to take the quiz!

General Stats

  • This quiz has been taken 30,346 times
  • The average score is 80 of 154

Answer Stats

ANSWER% Correct
I
99%
A
97%
a
97%
you
96%
the
94%
me
90%
to
84%
love
83%
be
80%
it
80%
where
80%
and
79%
And
79%
my
78%
do
77%
No
76%
no
76%
in
73%
In
73%
Is
73%
all
65%
What
65%
what
65%
like
64%
of
64%
for
63%
don't
61%
too
61%
not
59%
I'm
58%
one
56%
With
56%
with
56%
are
55%
but
55%
how
55%
want
54%
'Cause
47%
look
47%
place
46%
Take
46%
up
46%
went
46%
here
45%
out
45%
should
45%
die
44%
lakes
43%
belong
41%
off
41%
poets
41%
over
40%
some
40%
cry
39%
red
39%
right
39%
without
37%
neither
36%
these
36%
These
36%
Those
36%
beloved
35%
perfect
35%
romantic
35%
sad
35%
Tell
34%
muse
33%
come
32%
cut
32%
phones
32%
I've
31%
peaks
31%
watch
31%
around
30%
cell
30%
hunters
30%
under
30%
elegies
29%
eulogize
29%
setting
29%
grow
28%
haven't
28%
rose
28%
cynical
27%
feet
27%
words
27%
years
27%
auroras
26%
bare
26%
hurt
26%
moved
26%
skin
26%
clones
25%
grew
25%
prose
25%
Windermere
25%
wisteria
25%
far
24%
ground
24%
tweet
24%
worth
24%
frozen
23%
heart-stopping
23%
ice
23%
namedropping
23%
waves
23%
burrowed
22%
sleaze
20%
bathe
19%
cliffside
19%
grief
19%
calamitous
18%
pools
18%
While
18%
insurmountable
17%

Score Distribution

Percentile by Number Answered

Percent of People with Each Score

Your Score History

You have not taken this quiz